000 00879nam a22003250a 4500
001 PT62344
003 AR-LpoUNG
005 20210131232106.0
008 191001s2019||||sp |||||||||||||||||spa d
020 _a9788417822767
_c$54.46
040 _aAR-LpoUNG
_bspa
_cAR-LpoUNG
_eaacr
041 _aspa
044 _asp
082 0 _a808.068 3 454fri
100 1 _aAlonso López, Javier
245 1 0 _aFrida Kahlo :
_bla artista que pintaba con el alma
250 _a1ra. ed.
260 _aValladolid :
_bShackleton Books,
_c2019.
300 _a[32] p. :
_bil., fot.
505 0 _aSugerido a partir de 10 años (etiqueta VIOLETA)
650 4 _aBIOGRAFIAS
650 4 _aCUENTOS
650 4 _aFEMINISMO
650 4 _aLITERATURA
653 _aLITERATURA INFANTIL
700 1 _aCoronado, Ángel
_eil.
700 1 _aRoca, Oriol
_eil.
905 _a62344
942 _cLIB
999 _c13709
_d13709